Аудит: учебное пособие

التفاصيل البيبلوغرافية
المؤلف الرئيسي: Миргородская Т. В. Татьяна Васильевна
الملخص:Отражены изменения в аудиторской деятельности в соответствии с принятыми в последние годы Федеральным законом об аудиторской деятельности и новыми нормативными документами. Рассмотрены теоретические основы аудиторской деятельности, ее сущность, наиболее важные характерные особенности, международные и федеральные стандарты аудита и аудиторской деятельности, нормативные документы, регулирующие аудиторскую деятельность в России. Особое внимание уделено приобретению знаний студентами в области проведения аудита, а также формированию у них практических навыков по организации проведения аудиторских проверок и овладению бухгалтерским учетом и аудитом как единой профессией. Учебное пособие разработано в соответствии с Государственным учебным стандартом но специальности 080109 «Бухгалтерский учет, анализ и аудит». Для студентов высших учебных заведений, изучающих дисциплины «Основы аудита», «Аудит», слушателей программ к квалификационному экзамену на получение аттестата аудитора, профессионального бухгалтера, а также для всех, кто интересуется вопросами аудита.
اللغة:الروسية
منشور في: Москва, КноРус, 2011
الطبعة:3-е изд., перераб. и доп.
الموضوعات:
التنسيق: كتاب
KOHA link:https://koha.lib.tpu.ru/cgi-bin/koha/opac-detail.pl?biblionumber=193386

MARC

LEADER 00000nam0a2200000 4500
001 193386
005 20231101224500.0
010 |a 9785406005293 
035 |a (RuTPU)RU\TPU\book\210903 
035 |a RU\TPU\book\163039 
090 |a 193386 
100 |a 20090111d2011 m y0rusy50 ca 
101 0 |a rus 
102 |a RU 
105 |a a j 001zy 
200 1 |a Аудит  |e учебное пособие  |f Т. В. Миргородская 
205 |a 3-е изд., перераб. и доп. 
210 |a Москва  |c КноРус  |d 2011 
215 |a 288 с.  |c ил. 
320 |a Библиогр.: с. 247-250. 
320 |a Словарь понятий: c. 251-257. 
330 |a Отражены изменения в аудиторской деятельности в соответствии с принятыми в последние годы Федеральным законом об аудиторской деятельности и новыми нормативными документами. Рассмотрены теоретические основы аудиторской деятельности, ее сущность, наиболее важные характерные особенности, международные и федеральные стандарты аудита и аудиторской деятельности, нормативные документы, регулирующие аудиторскую деятельность в России. Особое внимание уделено приобретению знаний студентами в области проведения аудита, а также формированию у них практических навыков по организации проведения аудиторских проверок и овладению бухгалтерским учетом и аудитом как единой профессией. Учебное пособие разработано в соответствии с Государственным учебным стандартом но специальности 080109 «Бухгалтерский учет, анализ и аудит». Для студентов высших учебных заведений, изучающих дисциплины «Основы аудита», «Аудит», слушателей программ к квалификационному экзамену на получение аттестата аудитора, профессионального бухгалтера, а также для всех, кто интересуется вопросами аудита. 
451 1 |0 (RuTPU)RU\TPU\book\163039  |y 978-5-390-00036-6  |t Аудит  |o учебное пособие  |f Т. В. Миргородская  |c М.  |n КноРус  |d 2008  |p 253 с.  |a Миргородская, Татьяна Васильевна 
606 1 |a Аудит  |2 stltpush  |3 (RuTPU)RU\TPU\subj\29811  |9 53071 
610 1 |a внутренний контроль 
610 1 |a аудиторские доказательства 
610 1 |a уставный капитал 
610 1 |a учетная политика 
610 1 |a расчетные операции 
610 1 |a основные средства 
610 1 |a производственные запасы 
610 1 |a оплата труда 
610 1 |a готовая продукция 
610 1 |a финансовые результаты 
610 1 |a забалансовый учет 
610 1 |a бухгалтерская отчетность 
610 1 |a финансовый контроль 
610 1 |a обязательный аудит 
610 1 |a аудиторская деятельность 
610 1 |a Российская Федерация 
610 1 |a аттестация 
610 1 |a профессиональная этика 
610 1 |a качество 
610 1 |a аудиторские стандарты 
610 1 |a аудиторские проверки 
610 1 |a учебные пособия 
675 |a 657.6(075.8)  |v 3 
700 1 |a Миргородская  |b Т. В.  |g Татьяна Васильевна 
801 1 |a RU  |b 63413507  |c 20110323 
801 2 |a RU  |b 63413507  |c 20230403  |g RCR 
900 |a Аудит 
942 |c BK 
951 |b 080100 
959 |a 32/20110323  |d 7  |e 150,00  |f АНЛ:1  |f ЧЗГЛ:1  |f УФ:5